Statistics for TOOL Charting Songs (Billboard Hot Rock)

Click here to take the quiz!

General Stats

  • This quiz has been taken 30 times
  • The average score is 16 of 22

Answer Stats

AlbumWeeks OnPeakSong% Correct
10,000 Days2 Weeks#8The Pot
100%
Lateralus1 Week#17Lateralus
90%
Lateralus2 Weeks#5Schism
90%
Undertow2 Weeks#3Sober
90%
10,000 Days1 Week#11Vicarious
90%
Fear Inoculum20 Weeks#3Fear Inoculum
85%
Fear Inoculum8 Weeks#5Invincible
85%
Lateralus1 Week#14Parabola
85%
AEnima2 Weeks#7Stinkfist
85%
10,000 Days1 Week#21Jambi
80%
Undertow1 Week#18Prison Sex
80%
Fear Inoculum3 Weeks#67empest
75%
Fear Inoculum3 Weeks#7Descending
75%
Fear Inoculum13 Weeks#4Pneuma
75%
Fear Inoculum2 Weeks#15Chocolate Chip Trip
70%
Fear Inoculum2 Weeks#13Culling Voices
65%
AEnima1 Week#22Eulogy
65%
AEnima2 Weeks#6Forty Six & 2
65%
AEnima1 Week#9AEnema
60%
Fear Inoculum1 Week#23Mockingbeat
40%
Fear Inoculum2 Weeks#11Legion Inoculant
35%
Fear Inoculum2 Weeks#10Litanie Contre La Peur
35%

Score Distribution

Percentile by Number Answered

Percent of People with Each Score

Your Score History

You have not taken this quiz